000 00429nam a2200169 a 4500
001 0000-9196
003 ELIB.Books
008 110520 1954
035 _a(ELIB.Books)0000-9348
082 _a264
_bRat
100 _aRattenbury, J. Ernest
245 _aVital Element of Public Worship
260 _bLondon: The Epworth Press
_c1954
650 _aPrayer
942 _2ddc
_cBK
998 _cbat
_e2011-05-20
999 _c9196
_d9196